00286pab a2200121 454500008004000000100001600040245003600056260000900092300000900101362001000110650001800120773002600138180718b2001 xxu||||| |||| 00| 0 eng d aGhosh, Arun aGlobalisation and its paradoxes c2001 ap.14 a9 Jan aGlobalization aHindu (Business Line)